000 01981nam a22003257a 4500
999 _c22041
_d22041
003 AR-CdUCM
008 190515b ||||| |||| 00| 0 spa d
040 _aMUNICIPALIDAD PROVINCIAL DEL CUSCO
_cBIBLIOTECA MUNICIPAL DEL CUSCO
082 _aCroniUrbana/N°13/2008
110 _aCentro de Educación y Comunicación Guamán Poma de Ayala
_947233
245 _aCrónicas Urbanas :
_banálisis y perspectivas urbano regionales /
260 _aCusco :
_bCentro Guamán Poma de Ayala,
_c2008.
300 _a135 páginas. :
_bilustraciones ;
_c30 cm.
440 _aRevista Crónicas Urbanas.
_nAñño XII, N°13, 2008
_947237
505 _aContenido: Los incas del Cusco y el espacio sagrado de la ciudad colonial. Gabriela Ramos. -- El siglo XVI en novelas y cuentos históricos peruanos contemporáneos. Concepción Reverte Bernal. -- Análisis de textos literarios sobre la violencia política del Perú 1980-2000. Carmen Saucedo. -- Testimonios de la comunidad de Huakullo violencia política de los años noventa. -- Desplazados por la violencia política en el Perú. 1980-2000. -- Decisiones radicales jóvenes urbanos y militancia en Sendero Luminoso 1989-1992. Dynnik Asencios. -- Mancomunidades en Bolivia, más allá de la jurisdicción municipal. Jorge Arias. -- Redes y desarrollo local. Samuel Machacuay. -- Asumir la política indígena en sus propios términos requiere un análisis mas allá de lo político. Marisol de la Cadena.
650 _aHistoria Urbana
_913611
650 _aDesarrollo Urbano
_914520
650 _aPolítica
_9291
650 _aHistoria del Cusco
_91714
650 _aDesarrollo económico
_91696
650 _aPolítica indígena
_947238
700 _aRamos, Gabriela
_93201
700 _aSaucedo, Carmen
_947239
700 _aArias, Jorge
_947240
700 _aMachacuay, Samuel
_947241
700 _aDe la Cadena, Marisol de la Cadena
_947242
710 _aCentro Guamán Poma de Ayala
_920511
942 _2ddc
_cPP
945 _avhl